Normal view MARC view

Entry Personal Name

Number of records used in: 1

001 - CONTROL NUMBER

  • control field: 10029

003 - CONTROL NUMBER IDENTIFIER

  • control field: OSt

005 - DATE AND TIME OF LATEST TRANSACTION

  • control field: 20220918110903.0

008 - FIXED-LENGTH DATA ELEMENTS

  • fixed length control field: 220918|| aca||aabn | a|a d

040 ## - CATALOGING SOURCE

  • Original cataloging agency: OSt
  • Transcribing agency: OSt

100 ## - HEADING--PERSONAL NAME

  • Personal name: बख्शी, पदुमलाल पुन्नालाल

670 ## - SOURCE DATA FOUND

  • Source citation: Work cat.: (OSt)115518: बख्शी, पदुमलाल पुन्नालाल, बख्शी ग्रंथावली, 2007
Copyright @ Delhi University Library System